Group structure of gauge theories /
Uloženo v:
| Hlavní autor: | |
|---|---|
| Médium: | Sách giấy |
| Vydáno: |
Cambridge [Cambridgeshire] ; New York :
Cambridge University Press,
1986.
|
| Edice: | Cambridge monographs on mathematical physics
|
| Témata: | |
| On-line přístup: | Table of contents Publisher description |
| Tagy: |
Přidat tag
Žádné tagy, Buďte první, kdo otaguje tento záznam!
|
| Thư viện lưu trữ: | Thư viện Trường Đại học Đà Lạt |
|---|
| LEADER | 01261nam a2200397 4500 | ||
|---|---|---|---|
| 001 | DLU080063978 | ||
| 005 | ##20081205 | ||
| 008 | ##850401s1986 enka b 001 0 eng | ||
| 010 | # | # | |a 85007828 |
| 020 | # | # | |a 0521252938 |
| 035 | # | # | |9 (DLC) 85007828 |
| 040 | # | # | |a DLC |c DLC |d DLC |
| 050 | # | # | |a QC793.3.F5 |b O69 1986 |
| 082 | # | # | |a 539.72 |b OR-L |
| 100 | # | # | |a O'Raifeartaigh, L. |q (Lochlainn) |
| 245 | # | # | |a Group structure of gauge theories / |c L. O'Raifeartaigh. |
| 260 | # | # | |a Cambridge [Cambridgeshire] ; |a New York : |b Cambridge University Press, |c 1986. |
| 300 | # | # | |a ix, 172 p. : |b ill. ; |c 24 cm. |
| 440 | # | # | |a Cambridge monographs on mathematical physics |
| 500 | # | # | |a Includes index. |
| 504 | # | # | |a Bibliography: p. 154-161. |
| 650 | # | # | |a Broken symmetry (Physics) |
| 650 | # | # | |a Gauge fields (Physics) |
| 650 | # | # | |a Lie groups. |
| 856 | # | # | |3 Table of contents |u http://www.loc.gov/catdir/toc/cam032/85007828.html |
| 856 | # | # | |3 Publisher description |u http://www.loc.gov/catdir/description/cam031/85007828.html |
| 923 | # | # | |a 18/2008 |
| 992 | # | # | |a 1044733 |
| 994 | # | # | |a DLU |
| 900 | # | # | |a True |
| 911 | # | # | |a Đào Thị Thu Huyền |
| 925 | # | # | |a G |
| 926 | # | # | |a A |
| 927 | # | # | |a SH |
| 980 | # | # | |a Thư viện Trường Đại học Đà Lạt |


